|
|
|
|
| LEADER |
00000nam a22000007a 4500 |
| 005 |
20150811014042.0 |
| 007 |
cr|||| |||| |
| 008 |
150811s2014 br |||||s|||| 00||0 por d |
| 020 |
|
|
|a 978-85-361-2934-1
|
| 035 |
|
|
|a 12784
|
| 040 |
|
|
|a vLex
|
| 090 |
|
|
|c 5519
|d 5519
|
| 100 |
1 |
|
|a Simô de Melo, Raimundo
|
| 245 |
1 |
0 |
|a Aȯ̂ civil pb︢lica na justiȧ do trabalho
|h [Recurso electrn̤ico] /
|c Raimundo Simô de Melo
|n 5® ediȯ̂
|
| 256 |
|
|
|a Servicio en ln̕ea
|
| 260 |
|
|
|a San Pablo:
|b LTR Editora,
|c 2014
|
| 300 |
|
|
|a 1 recurso electrn̤ico
|
| 500 |
|
|
|a As aė̳s novas coletivas na Justiȧ do Trabalho j ̀se revelaram como importantes mecanismos de soluȯ̂ coletiva de conflitos trabalhistas, representando verdadeira revoluȯ̂ no sistema processual brasileiro nos l︢timos anos. Sô consideradas instrumentos de afirmaȯ̂ do Ministřio Pb︢lico do Trabalho e dos demais legitimados coletivos, como os sindicatos, na busca de efetividade da lei trabalhista e dos direitos metaindividuais fundamentais dos trabalhadores. Ainda ̌o Ministřio Pb︢lico do Trabalho quem mais as utiliza, devendo os Sindicatos tambm̌ fazer o mesmo no cumprimento do seu dever constitucional de defensor dos interesses da respectiva categoria (CF, art. 8ð, inc. III). Como antecedentes das aė̳s coletivas, sô utilizados outros instrumentos que tambm̌ visam ̉efetivaȯ̂ dos direitos trabalhistas metaindividuais, como o Inquřito Civil e o Termo de Ajustamento de Conduta, da ̕a sua indispensv̀el anl̀ise nesta obra.
|
| 506 |
1 |
|
|a Disponible solo en los productos indicados
|d vLex Global
|d vLex Global (Academic Edition, excluding Law Schools)
|d vLex Global (U.S. Academic Edition, Law Schools)
|d vLex Global (U.S. Academic Edition, excluding Law Schools)
|d vLex Global (Academic Edition, Law Schools)
|
| 650 |
0 |
4 |
|a Derecho Laboral y Seguridad Social
|z Brasil
|
| 740 |
0 |
|
|a vLex Libros (Servicio en ln̕ea)
|
| 856 |
4 |
0 |
|u http://vlex.com/source/a-o-civil-publica-na-justi-a-do-trabalho-5-edi-o-12784
|z Acceso restringido
|
| 942 |
|
|
|c BOOK
|
| 999 |
0 |
|
|a Labor and Social Security
|